Els arxius històrics en l'entorn digital : Jornada : 25 de maig de 2017 Jornada : 25 de maig de 2017
Descripción Física:
1 tríptic ; il. col. ; 21 x 10 cm.
Materias:
Arxius -- Congressos
Idioma:
Catalán
MARC
| LEADER | 00000nam a22000007a 4500 | ||
|---|---|---|---|
| 001 | 27028 | ||
| 003 | Arxiu | ||
| 005 | 20260324181145.0 | ||
| 008 | 221123b spa||||| |||| 00| 0 cat d | ||
| 017 | |a B 10649-2017 | ||
| 040 | |a agdb |b cat | ||
| 041 | |a cat | ||
| 245 | |a Els arxius històrics en l'entorn digital : |b Jornada : 25 de maig de 2017 | ||
| 260 | |a Barcelona : |b Ajuntament de Barcelona ; |c 2017 | ||
| 300 | |a 1 tríptic ; |b il. col. ; |c 21 x 10 cm. | ||
| 650 | 0 | |2 Arxiu |a Arxius |x Congressos |9 25763 | |
| 710 | 2 | |a Arxiu Històric de la Ciutat (Barcelona, Catalunya) |9 52811 | |
| 710 | 2 | |a Catalunya. |b Departament de Cultura |9 52819 | |
| 710 | 1 | |a Barcelona (Catalunya : Província). |b Diputació |9 52408 | |
| 710 | 2 | |9 53956 |a Associació d'Arxivers-Gestors de Documents de Catalunya | |
| 710 | 1 | |a Barcelona (Catalunya). |b Ajuntament |9 50981 | |
| 710 | 2 | |a Arxiu Nacional de Catalunya |9 55117 | |
| 942 | |2 udc |c ARXIU |n 1 | ||
| 952 | |0 0 |1 0 |2 udc |4 0 |6 FU7363 |7 1 |9 64329 |a Arxiu |b Arxiu |d 2022-11-23 |l 0 |o FU-73-63 |p 27028 |r 2022-11-23 00:00:00 |w 2022-11-23 |y ARXIU | ||
| 999 | |c 82777 |d 82777 | ||